Todas las banderas a capitales - Estadísticas

Estadísticas generales
  • Esta prueba ha sido intentada 3.689 veces
    3.687 desde el último reinicio
  • La puntuación promedio es 95 de 196
Estadísticas de respuestas
Imagen Respuesta % Correcto
Londres
98%
Washington D.C.
96%
París
94%
Roma
94%
Moscú
92%
Dublín
90%
Ottawa
89%
Ámsterdam
88%
Tokio
88%
Brasilia
87%
Canberra
87%
Seúl
85%
Atenas
84%
Oslo
83%
Pekín
82%
Madrid
81%
Berlín
79%
Bruselas
79%
Ciudad del Vaticano
79%
Estocolmo
79%
Helsinki
79%
Sofía
78%
Ciudad de México
77%
Buenos Aires
76%
Copenhague
76%
Reikiavik
75%
Berna
74%
Budapest
74%
San Marino
73%
Ankara
72%
Caracas
72%
El Cairo
72%
Lima
72%
Montevideo
72%
Nueva Delhi
72%
Wellington
72%
Jerusalén
71%
Varsovia
70%
Viena
70%
Santiago
68%
Tirana
67%
La Habana
66%
La Valeta
66%
Mónaco
66%
Santo Domingo
66%
Nicosia
64%
Ciudad de Panamá
63%
Praga
63%
Pretoria, Ciudad del Cabo o Bloemfontein
63%
Argel
62%
Zagreb
62%
Kingston
61%
Lisboa
61%
Túnez
61%
Singapur
60%
Riad
59%
Bogotá
58%
Luxemburgo
58%
Beirut
57%
Hanói
57%
Pionyang
57%
Tiflis
57%
Asunción
56%
Manila
55%
Pristina
55%
Quito
55%
Sarajevo
55%
Teherán
55%
Yakarta
55%
Andorra la Vieja
54%
Bakú
54%
Belgrado
54%
Daca
54%
Nairobi
54%
Islamabad
53%
Katmandú
53%
Kiev
53%
Skopie
53%
Bagdad
52%
Bratislava
52%
Kuala Lumpur
52%
Rabat
52%
Tallin
52%
Antananarivo
51%
Bangkok
51%
Bucarest
51%
Damasco
51%
Liubliana
51%
Abu Dabi
50%
Minsk
50%
San José
50%
San Salvador
50%
Kuwait
49%
Tegucigalpa
49%
Vaduz
49%
Managua
48%
Taipéi
47%
Astaná
46%
Puerto Príncipe
45%
Trípoli
44%
Kabul
43%
La Paz o Sucre
43%
Kinsasa
42%
Vilna
42%
Chișinău
41%
Doha
41%
Amán
40%
Belmopán
40%
Ciudad de Guatemala
40%
Riga
40%
Ulán Bator
40%
Malé
39%
Port Moresby
39%
Timbu
39%
Yamusukro
39%
Yaundé
39%
Mascate
38%
Nasáu
38%
Nom Pen
38%
Puerto España
38%
Saná
38%
Dakar
37%
Podgorica
37%
Taskent
37%
Yibuti
37%
Georgetown
36%
Maputo
36%
Uagadugú
36%
Victoria
36%
Ereván
35%
Luanda
35%
Naipyidó
35%
Vientián
35%
Adís Abeba
34%
Asjabad
34%
Bandar Seri Begawan
34%
Bridgetown
34%
Dili
34%
Libreville
34%
Niamey
34%
Nuakchot
34%
Jartum
33%
Monrovia
33%
Paramaribo
33%
Santo Tomé
33%
Brazzaville
32%
Mogadiscio
32%
Yuba
32%
Abuya
31%
Dodoma
31%
Manama
31%
Mbabane
31%
Ngerulmud
31%
Praia
31%
Saint John's
31%
Windhoek
31%
Acra
30%
Ciudad de La Paz
30%
Dusambé
30%
Lilongüe
30%
Harare
29%
Moroni
29%
Nukualofa
29%
Sri Jayawardenapura Kotte
29%
Asmara
28%
Freetown
28%
Kigali
28%
Bisáu
27%
Biskek
27%
Gaborone
27%
Apia
26%
Tarawa Sur
26%
Kampala
25%
Lomé
25%
Majuro
25%
Roseau
25%
Basseterre
24%
Conakri
24%
Port Vila
24%
Yaren
24%
Gitega
23%
Palikir
23%
Porto-Novo o Cotonú
23%
Yamena
23%
Bamako
22%
Port Louis
22%
Saint George
22%
Suva
22%
Castries
21%
Lusaka
21%
Bangui
20%
Maseru
20%
Banjul
19%
Kingstown
19%
Funafuti
18%
Honiara
18%
No se encontraron pruebas coincidentes
Distribución de puntuación
Porcentaje de gente con cada puntuación
Porcentaje por número respondido
Historial de tus puntuaciones
No has intentado esta prueba desde el último reinicio